| 000 | 00531pab a2200193 454500 | ||
|---|---|---|---|
| 008 | 180718b2002 xxu||||| |||| 00| 0 eng d | ||
| 100 | _aLele, Nalini A. | ||
| 245 | _aDistance higher education in Maharashtra: a case study | ||
| 260 | _c2002 | ||
| 300 | _ap.6-11. | ||
| 362 | _a9 Sep | ||
| 650 | _aCase studies | ||
| 650 | _aEducation - India - Maharashtra | ||
| 650 | _aDistance education - India - Maharashtra | ||
| 650 | _aDistance education | ||
| 700 | _aRausaria, R.R. | ||
| 773 | _aUniversity News | ||
| 909 | _a53708 | ||
| 999 |
_c53708 _d53708 |
||